Review of mineral production : (Record no. 837814)

MARC details
000 -LEADER
fixed length control field 00885nam a2200265 a 4500
001 - CONTROL NUMBER
control field vtls001413798
003 - CONTROL NUMBER IDENTIFIER
control field NLI
005 - DATE AND TIME OF LATEST TRANSACTION
control field 20210627110136.0
008 - FIXED-LENGTH DATA ELEMENTS--GENERAL INFORMATION
fixed length control field 121127s1996 ii s000 0 eng
020 ## - INTERNATIONAL STANDARD BOOK NUMBER
Terms of availability Rs. 55.00
039 #9 - LEVEL OF BIBLIOGRAPHIC CONTROL AND CODING DETAIL [OBSOLETE]
-- 201211272132
-- VLOAD
040 0# - CATALOGING SOURCE
Original cataloging agency NLI
Language of cataloging eng
Transcribing agency Entertech IOD - 2013
Description conventions AACR2
041 0# - LANGUAGE CODE
Language code of text/sound track or separate title eng
044 ## - COUNTRY OF PUBLISHING/PRODUCING ENTITY CODE
MARC country code ii
082 ## - DEWEY DECIMAL CLASSIFICATION NUMBER
Classification number 622.009(54)
110 2# - MAIN ENTRY--CORPORATE NAME
Corporate name or jurisdiction name as entry element Nagpur (India)
Subordinate unit Ministry of Mines, Indian Bureau of Mines, Mining and Mineral Statistics Division
9 (RLIN) 953649
245 10 - TITLE STATEMENT
Title Review of mineral production :
Remainder of title 1994-1995 /
Statement of responsibility, etc. Mining and Mineral Statistics Division, Indian Bureau of Mines, Ministry of Mines, Nagpur (India)
260 ## - PUBLICATION, DISTRIBUTION, ETC.
Place of publication, distribution, etc. Nagpur :
Name of publisher, distributor, etc. Author,
Date of publication, distribution, etc. 1996
300 ## - PHYSICAL DESCRIPTION
Extent 70 p. ;
Dimensions 20 cm.
887 ## - NON-MARC INFORMATION FIELD
Content of non-MARC field
901 ## - LOCAL DATA ELEMENT A, LDA (RLIN)
a 131444
b 06.12.1999
902 ## - LOCAL DATA ELEMENT B, LDB (RLIN)
a G. P. 622.009(54) In 2 (1994-1995)
990 ## - EQUIVALENCES OR CROSS-REFERENCES [LOCAL, CANADA]
-- S. Sahana (B-2914/10)
942 ## - ADDED ENTRY ELEMENTS (KOHA)
Source of classification or shelving scheme Dewey Decimal Classification
Koha item type Books
Holdings
Withdrawn status Lost status Damaged status Not for loan Collection code Home library Current library Shelving location Date acquired Total Checkouts Full call number Date last seen Price effective from Koha item type
        Government Publications National Library of India National Library of India Annexe Reading Room & Stack Division     G. P. 622.009(54) In 2 (1994-1995) 27/06/2021 27/06/2021 Books
                                                                           
web counter

Copyright ©2020 The National Library of India, Govt. of India ↔ Hosted by NVLI, MOC ↔ Technology and Design by National Library of India, Ministry of Culture, Govt. of India